[Event "Schleswig Holstein-ch Seniors"]
[Site "Germany"]
[Date "2009.??.??"]
[Round "4"]
[White "Buenger, Gerhardt"]
[Black "Szenetra, Werner"]
[Result "0-1"]
[WhiteElo "1885"]
[BlackElo "2255"]
[PlyCount "100"]
[EventDate "2009.??.??"]
[EventType "swiss"]
[EventRounds "7"]
[EventCountry "GER"]
[SourceTitle "EXT 2011"]
[Source "ChessBase"]
[SourceDate "2010.11.26"]
[SourceVersion "1"]
[SourceVersionDate "2010.11.26"]
[SourceQuality "1"]

1. d4 d6 2. e4 g6 3. c4 Bg7 4. Nf3 Bg4 5. Be2 Nc6 6. Be3 e5 7. d5 Nce7 8. Nc3 Bxf3 9. Bxf3 f5 10. 0-0 Nf6 11. Rc1 b6 12. Bg5 0-0 13. g3 Qd7 14. Qd2 Rf7 15. Bg2 Raf8 16. Bh3 h6 17. Be3 g5 18. f4 exf4 19. gxf4 g4 20. Bg2 fxe4 21. Nxe4 Nf5 22. Bf2 h5 23. Ng3 Bh6 24. Rce1 Ng7 25. Be3 h4 26. Ne4 h3 27. Nxf6+ Rxf6 28. Be4 Nf5 29. Bf2 Ng7 30. Be3 Qf7 31. Bc2 Bxf4 32. Bxf4 Rxf4 33. Rxf4 Qxf4 34. Qxf4 Rxf4 35. Re4 Rxe4 36. Bxe4 Kf7 37. Kf2 Kf6 38. Kg3 Kg5 39. Bc2 Nh5+ 40. Kf2 Kf4 41. Bg6 Nf6 42. Bc2 Nd7 43. Bd3 Nc5 44. Bc2 Nd7 45. Bd3 Ne5 46. Be2 Nf7 47. Bd3 Ng5 48. Be2 Ne4+ 49. Kg1 g3 50. hxg3+ Kxg3 0-1

[Event "Schleswig Holstein-ch Seniors op"]
[Site "Eckernfoerde"]
[Date "2007.09.30"]
[Round "5"]
[White "Buenger, Gerhardt"]
[Black "Preiss, Lore"]
[Result "1-0"]
[WhiteElo "1869"]
[BlackElo "1627"]
[PlyCount "121"]
[EventDate "2007.09.26"]
[EventType "swiss"]
[EventRounds "7"]
[EventCountry "GER"]
[SourceTitle "EXT 2008"]
[Source "ChessBase"]
[SourceDate "2007.11.25"]
[SourceVersion "1"]
[SourceVersionDate "2007.11.25"]
[SourceQuality "1"]

1. e4 c5 2. Nf3 Nc6 3. d4 cxd4 4. Nxd4 Nf6 5. Nc3 a6 6. Nxc6 bxc6 7. e5 Ng8 8. Bc4 e6 9. 0-0 d6 10. exd6 Bxd6 11. h3 Nf6 12. Bg5 Be7 13. Qe2 0-0 14. Rfd1 Qc7 15. Rd2 Rd8 16. Rxd8+ Bxd8 17. Rd1 Bb7 18. Bh4 Be7 19. Bg3 Qa5 20. Ne4 Nxe4 21. Qxe4 Rd8 22. Bd3 g6 23. Be5 Rd7 24. Bc3 Qd5 25. Re1 Qxe4 26. Bxe4 c5 27. Bxb7 Rxb7 28. Rd1 Kf8 29. Kf1 Ke8 30. Ke2 Rd7 31. Rxd7 Kxd7 32. Kd3 Kc6 33. Kc4 f5 34. a4 g5 35. Be5 h5 36. f3 g4 37. hxg4 hxg4 38. fxg4 fxg4 39. c3 Bf8 40. b4 cxb4 41. cxb4 Be7 42. b5+ axb5+ 43. axb5+ Kb7 44. Bd4 Bd8 45. Kd3 Bb6 46. Bxb6 Kxb6 47. Kd4 Kxb5 48. Ke5 Kc6 49. Kxe6 g3 50. Kf5 Kd6 51. Kf4 Ke6 52. Kxg3 Kf5 53. Kh4 Kg6 54. Kg4 Kf6 55. Kh5 Kg7 56. Kg5 Kh7 57. Kf6 Kh6 58. g4 Kh7 59. g5 Kg8 60. Kg6 Kh8 61. Kf7 1-0

[Event "Schleswig Holstein-ch Seniors op"]
[Site "Eckernfoerde"]
[Date "2007.09.26"]
[Round "1"]
[White "Lomer, Edmund"]
[Black "Buenger, Gerhardt"]
[Result "1/2-1/2"]
[WhiteElo "2135"]
[BlackElo "1869"]
[PlyCount "91"]
[EventDate "2007.09.26"]
[EventType "swiss"]
[EventRounds "7"]
[EventCountry "GER"]
[SourceTitle "EXT 2008"]
[Source "ChessBase"]
[SourceDate "2007.11.25"]
[SourceVersion "1"]
[SourceVersionDate "2007.11.25"]
[SourceQuality "1"]

1. Nf3 Nf6 2. g3 c5 3. Bg2 Nc6 4. 0-0 g6 5. c4 Bg7 6. Nc3 0-0 7. d4 cxd4 8. Nxd4 Nxd4 9. Qxd4 d6 10. Qd3 Rb8 11. Be3 b6 12. Qd2 Bb7 13. Rac1 Bxg2 14. Kxg2 Qd7 15. Kg1 Rbc8 16. b3 Ng4 17. Bf4 Rfd8 18. Rfd1 Be5 19. Nd5 Bg7 20. Bg5 f6 21. Be3 Ne5 22. Nf4 e6 23. Rc2 Nc6 24. Ng2 f5 25. c5 bxc5 26. Bxc5 d5 27. b4 Bf8 28. a3 e5 29. Ne3 d4 30. Bxf8 Kxf8 31. Nc4 Qe6 32. Rdc1 Kg7 33. b5 d3 34. Rb2 dxe2 35. Qxe2 Nd4 36. Qf1 Nf3+ 37. Kg2 Qd5 38. Ne3 Qb7 39. Kh3 Rd4 40. g4 Ng5+ 41. Kh4 Rxg4+ 42. Nxg4 Nf3+ 43. Kg3 f4+ 44. Kh3 Ng5+ 45. Kh4 Nf3+ 46. Kh3 1/2-1/2

[Event "Schleswig Holstein-ch Seniors 62nd"]
[Site "Itzehoe"]
[Date "2007.04.05"]
[Round "8"]
[White "Schierling, Eckhard"]
[Black "Buenger, Gerhardt"]
[Result "0-1"]
[WhiteElo "1648"]
[BlackElo "1866"]
[PlyCount "64"]
[EventDate "2007.03.31"]
[EventType "swiss"]
[EventRounds "9"]
[EventCountry "GER"]
[SourceTitle "EXT 2010"]
[Source "ChessBase"]
[SourceDate "2010.11.25"]
[SourceVersion "1"]
[SourceVersionDate "2010.11.25"]
[SourceQuality "1"]

1. e4 c6 2. d4 d5 3. e5 Bf5 4. Bd3 Bxd3 5. Qxd3 e6 6. f4 Qb6 7. c3 c5 8. Ne2 Nc6 9. 0-0 cxd4 10. cxd4 Nh6 11. Rd1 Nf5 12. Nbc3 Nb4 13. Qb5+ Qxb5 14. Nxb5 Kd7 15. a3 Nc6 16. Rd3 a6 17. Nbc3 b5 18. b4 h5 19. Bb2 Be7 20. Nd1 a5 21. bxa5 Nxa5 22. Ne3 Nxe3 23. Rxe3 Nc4 24. Rb3 Rhb8 25. Bc3 Rxa3 26. Raxa3 Nxa3 27. Bb4 Bxb4 28. Rxb4 Kc6 29. Rb3 Nc4 30. Nc3 b4 31. Kf2 bxc3 32. Rxb8 c2 0-1

[Event "Schleswig Holstein-ch Seniors 62nd"]
[Site "Itzehoe"]
[Date "2007.04.02"]
[Round "3"]
[White "Buenger, Gerhardt"]
[Black "Pape, Rainer"]
[Result "1-0"]
[WhiteElo "1866"]
[BlackElo "1631"]
[PlyCount "95"]
[EventDate "2007.03.31"]
[EventType "swiss"]
[EventRounds "9"]
[EventCountry "GER"]
[SourceTitle "EXT 2010"]
[Source "ChessBase"]
[SourceDate "2010.11.25"]
[SourceVersion "1"]
[SourceVersionDate "2010.11.25"]
[SourceQuality "1"]

1. e4 c6 2. Nc3 d5 3. Nf3 Bg4 4. h3 Bh5 5. exd5 cxd5 6. g4 Bg6 7. Ne5 a6 8. d4 e6 9. h4 f6 10. h5 Bxc2 11. Qxc2 fxe5 12. dxe5 Nc6 13. f4 Bb4 14. Bd2 Nge7 15. 0-0-0 Qa5 16. a3 Bxc3 17. Bxc3 Qc7 18. Bd3 h6 19. Kb1 Rc8 20. Rhe1 0-0 21. Qh2 b5 22. g5 d4 23. Bd2 Nf5 24. Bxf5 Rxf5 25. gxh6 gxh6 26. Rg1+ Kh8 27. Rc1 Qf7 28. Rg6 Qh7 29. Ka1 Ne7 30. Rxc8+ Nxc8 31. Rxe6 Ne7 32. Rxa6 Rf8 33. Ra7 Qd3 34. Rxe7 Qf1+ 35. Ka2 Qc4+ 36. Kb1 Qf1+ 37. Be1 Qxe1+ 38. Ka2 Qe4 39. Qg1 Rg8 40. Qc1 Qd5+ 41. Ka1 d3 42. e6 Qd4 43. Rd7 Qc4 44. Qxc4 bxc4 45. e7 Rg1+ 46. Ka2 Re1 47. Rd8+ Kg7 48. e8Q 1-0

[Event "Schleswig Holstein-ch Seniors 62nd"]
[Site "Itzehoe"]
[Date "2007.04.01"]
[Round "2"]
[White "Hergeroeder, Klaus"]
[Black "Buenger, Gerhardt"]
[Result "0-1"]
[WhiteElo "1517"]
[BlackElo "1866"]
[PlyCount "52"]
[EventDate "2007.03.31"]
[EventType "swiss"]
[EventRounds "9"]
[EventCountry "GER"]
[SourceTitle "EXT 2010"]
[Source "ChessBase"]
[SourceDate "2010.11.25"]
[SourceVersion "1"]
[SourceVersionDate "2010.11.25"]
[SourceQuality "1"]

1. d4 Nf6 2. c4 g6 3. Nc3 Bg7 4. e4 d6 5. Be2 0-0 6. Be3 e5 7. d5 Ne8 8. Qb3 b6 9. Nf3 f5 10. Bg5 Nf6 11. Bd3 Na6 12. Qb5 Nc5 13. 0-0-0 a5 14. exf5 Bd7 15. fxg6 Nxd3+ 16. Rxd3 Bxb5 17. gxh7+ Kh8 18. cxb5 Qe8 19. h3 Qg6 20. Re3 e4 21. Bxf6 exf3 22. Bxg7+ Qxg7 23. g4 Rae8 24. Ne4 Re5 25. g5 Qg6 26. Rhe1 Rfe8 0-1

[Event "Schleswig Holstein-ch Seniors 56th"]
[Site "Eckernfoerde"]
[Date "2001.04.??"]
[Round "8"]
[White "Schmidt, Niels Peter"]
[Black "Buenger, Gerhardt"]
[Result "1/2-1/2"]
[WhiteElo "1959"]
[BlackElo "1847"]
[PlyCount "36"]
[EventDate "2001.04.??"]
[EventType "swiss"]
[EventRounds "9"]
[EventCountry "GER"]
[SourceTitle "EXT 2004"]
[Source "ChessBase"]
[SourceDate "2003.11.25"]
[SourceVersion "1"]
[SourceVersionDate "2003.11.25"]
[SourceQuality "1"]

1. d4 d5 2. c4 e6 3. Nc3 c5 4. cxd5 exd5 5. Nf3 Nc6 6. Bg5 Be7 7. Bxe7 Ngxe7 8. e3 b6 9. Bd3 cxd4 10. Nxd4 Nxd4 11. exd4 0-0 12. 0-0 Bf5 13. Re1 Bxd3 14. Qxd3 Qd7 15. Re5 Rfe8 16. Qb5 Qxb5 17. Nxb5 f6 18. Re6 Nf5 1/2-1/2